| 000 | 00790cam a2200289 4500 | ||
|---|---|---|---|
| 008 | 090401t1994 xxu||||| |||| 00| 0 eng d | ||
| 020 | _a0632032618 | ||
| 035 | _a(Sirsi) u8783 | ||
| 041 | _aeng | ||
| 050 | _a346.41032 | ||
| 100 | _aCornes, David L | ||
| 245 | _aDesign Liability in the construction industry. | ||
| 250 | _a4th ed. | ||
| 260 |
_aOxford _bBlackwell Scientific Publications _c1994 |
||
| 300 | _aviii,328p. ; 24cm. | ||
| 350 | _a39.5 | ||
| 650 | _aBUILDING FAILURES | ||
| 650 | _aBUILDING INDUSTRY | ||
| 650 | _aDESIGN AND BUILD CONTRACTS | ||
| 650 | _aDESIGN LIABILITY | ||
| 650 | _aLIMITATION OF ACTION | ||
| 650 | _aNEGLIGENCE | ||
| 650 | _aPROFESSIONAL INDEMNITY INSURANCE | ||
| 690 | _aPROFESSIONAL PRACTICE | ||
| 942 | _n0 | ||
| 948 | _c04/03/1997 | ||
| 999 |
_c86563 _d86563 |
||